000 00614nam a2200217 i 4500
001 43645
003 ES-MaACL
005 20230906160841.0
007 t|
008 030318s1956 sp ||||1| spa d
100 1 _aCatto, Max.
_937087
245 1 0 _aTrapecio /
_cMax Catto ; [versión española de José Mª Cañas].
250 _a[1ª ed.].
260 _aBarcelona :
_bLuis de Caralt,
_c[1956] (
_fCasall i Vall)
300 _a333 p. ;
_c20 cm.
490 1 _aGigante
700 1 _aCañas, José María.
_934736
830 0 _aGigante
_9181050
852 _aES-MaACL
_jC-11795
_bR.39868
999 _c43645
_d43645